|
|
|
|
| LEADER |
00000nab a2200000 4500 |
| 001 |
vtls012087373 |
| 003 |
SK-MaSNL |
| 005 |
20260303210245.0 |
| 008 |
220210|2021 xo |||| ||an ||00 0|slo |
| 015 |
|
|
|a SNBRB2022/02
|
| 040 |
|
|
|a SPKCL
|b slo
|e rda
|
| 041 |
|
|
|a slo
|b slo
|b eng
|
| 044 |
|
|
|a xo
|c SK
|
| 072 |
|
7 |
|a 316.77
|x Informačná veda
|2 konspekt
|
| 072 |
|
7 |
|a 321
|x Politológia
|2 konspekt
|
| 080 |
|
|
|a 316.776
|2 2011
|
| 080 |
|
|
|a 321.7+342.34
|2 2011
|
| 080 |
|
|
|a 101.8
|2 2011
|
| 100 |
1 |
|
|a Kaliský, Ján,
|d 1975-
|4 aut
|9 212993
|
| 245 |
1 |
0 |
|a Filozofovanie v škole
|b diskusia ako kľúčový prvok demokracie
|c Ján Kaliský
|
| 336 |
|
|
|a text
|b txt
|2 rdacontent
|
| 337 |
|
|
|a bez média
|b n
|2 rdamedia
|
| 338 |
|
|
|a zväzok
|b nc
|2 rdacarrier
|
| 504 |
|
|
|a Obsahuje bibliografiu
|
| 546 |
|
|
|a Anglické a slovenské resumé
|
| 650 |
0 |
7 |
|a diskusie
|2 SNKPH
|9 4966
|
| 650 |
0 |
7 |
|a demokracia
|2 SNKPH
|9 3564
|
| 650 |
0 |
7 |
|a filozofovanie detí
|2 snkbucl
|9 1241755
|
| 650 |
0 |
7 |
|a filozofické myslenie
|2 snkbucl
|9 1642
|
| 773 |
0 |
|
|t Pedagogické rozhľady
|g Roč. 30, č. 4 (2021), s. 2-4
|x 1335-0404
|
| 787 |
0 |
8 |
|i Rec.:
|
| 856 |
4 |
1 |
|u https://archiv.mpc-edu.sk/sk/casopis/pedagogicke-rozhlady/uvod
|
| 999 |
|
|
|c 2199500
|d 2201430
|